000 00561nam a2200169 i 4500
001 100154
003 ES-MaACL
005 20250915063046.0
007 t|
008 050922s1950 sp ||||1| spa d
100 1 _aMartínez Val, José María,
_d1916-
_978455
245 1 0 _aManual de Derecho y Economía Política
_b: iniciación jurídico-económica a los estudios mercantiles /
_cJosé María Martínez Val.
260 _aBarcelona :
_bAlma Mater,
_c1950.
300 _a393 p. ;
_c19 cm.
852 _aES-MaACL
_jD-5775
_bR.30076
999 _c100154
_d100154